Фильмы о войне - Армагеддон - Statistics

General Stats
  • This quiz has been taken 28 times
  • The average score is 5 of 25
Answers on the Grid
Answers color-coded by a green-red scale on the quiz's grid according to % correct below.
Прирождённые убийцы
Иди и смотри
Груз 200
Рождённый четвёртого июля
Цельнометаллическая оболочка
Повелитель мух
Искупление
Полёт навигатора
Девять дней одного года
Раскаты грома
Небо над Берлином
Дело было в Пенькове
Лестница Иакова
Великий диктатор
Реквием по мечте
Дюнкерк
Признания опасного человека
Живые и мёртвые
Охотник на оленей
Большой побег
Зеркало
Говорящие с ветром
Форрест Гамп
Пятый элемент
Несколько хороших парней
Дни грома
Тропы славы
Иваново детство
Беглец
Падение "Чёрного ястреба"
300 спартанцев
Оправданная жестокость
Сталкер
Апокалипсис сегодня
Джонни взял ружьё
А зори здесь тихие
Мёртвая зона
Сквозь снег
Бесславные ублюдки
Почтальон всегда звонит дважды
Тонкая красная линия
Выживший
Проверка на дорогах
Человек, которого не было
Страна тигров
Письма мёртвого человека
Шанхайский полдень
Жизнь Пи
Ад каннибалов
Тихий Дон
 
Answer Stats
Answer % Correct
Иди и смотри
67%
300 спартанцев
52%
А зори здесь тихие
38%
Цельнометаллическая оболочка
33%
Дюнкерк
33%
Рождённый четвёртого июля
29%
Бесславные ублюдки
29%
Форрест Гамп
24%
Тихий Дон
24%
Живые и мёртвые
19%
Иваново детство
19%
Искупление
14%
Великий диктатор
14%
Тропы славы
14%
Апокалипсис сегодня
14%
Тонкая красная линия
14%
Лестница Иакова
10%
Охотник на оленей
10%
Большой побег
10%
Падение "Чёрного ястреба"
10%
Джонни взял ружьё
10%
Проверка на дорогах
10%
Раскаты грома
0%
Говорящие с ветром
0%
Страна тигров
0%
No matching quizzes found
Score Distribution
Percent of People with Each Score
Percentile by Number Answered
Your Score History
You have not taken this quiz